Cơ học
Trình bày các kiến thức cơ bản về cơ học như: Động học chất điểm, các định luật chuyển động, công và năng lượng, động lượng và va chạm, vật rắn quay quanh một trục cố định, mômen động lượng, tĩnh học, định luật vạn vật hấp dẫn, cơ học chất lưu, thuyết tương đối Einstein...
Na minha lista:
| Autor principal: | |
|---|---|
| Outros Autores: | |
| Formato: | Livro |
| Idioma: | Vietnamese |
| Publicado em: |
H.
Đại học Sư phạm
2010
|
| Edição: | Tái bản lần thứ 2 |
| Assuntos: | |
| Tags: |
Adicionar Tag
Sem tags, seja o primeiro a adicionar uma tag!
|
| Thư viện lưu trữ: | Mạng thư viện Đại học Đà Nẵng |
|---|
| LEADER | 01690aam a22003858a 4500 | ||
|---|---|---|---|
| 001 | 000019743 | ||
| 003 | 16182 | ||
| 005 | 20141103141131.0 | ||
| 008 | 140820s2010 viesd | ||
| 020 | |c 45000đ |d 500b | ||
| 041 | 0 | |a vie | |
| 082 | 1 | 4 | |2 14 |a 530.1 |b LÊ-T |
| 100 | 1 | |a Lê Trọng Tường | |
| 245 | 1 | 0 | |a Cơ học |c Lê Trọng Tường, Nguyễn Thị Thanh Hương |
| 250 | |a Tái bản lần thứ 2 | ||
| 260 | |a H. |b Đại học Sư phạm |c 2010 | ||
| 300 | |a 289 tr. |b minh hoạ |c 24 cm. | ||
| 500 | |a ĐTTS ghi: Đầu bìa tên sách ghi: Bộ Giáo dục và Đào tạo. Dự án Đào tạo Giáo viên THCS | ||
| 504 | |a Thư mục: tr. 289 | ||
| 520 | |a Trình bày các kiến thức cơ bản về cơ học như: Động học chất điểm, các định luật chuyển động, công và năng lượng, động lượng và va chạm, vật rắn quay quanh một trục cố định, mômen động lượng, tĩnh học, định luật vạn vật hấp dẫn, cơ học chất lưu, thuyết tương đối Einstein | ||
| 650 | 0 | 4 | |2 Bộ TK TVQG |a Cơ học |
| 653 | |a Cơ học | ||
| 653 | |a Vật lí | ||
| 655 | 7 | |2 Bộ TK TVQG |a Giáo trình | |
| 700 | 1 | |a Nguyễn Thị Thanh Hương | |
| OWN | |a LSP | ||
| AVA | |a UDN50 |b LSP |d 530.1 LÊ-T |e check_holdings |t Error 5003 Not defined in file expand_doc_bib_avail. |h N |k 1 | ||
| 999 | |a From the UDN01 | ||
| AVA | |a UDN50 |b LSP |d 530.1 LÊ-T |e available |t Error 5001 Not defined in file expand_doc_bib_avail. |f 20 |g 0 |h N |i 16 |k 1 | ||
| TYP | |a Monograph | ||
| TYP | |a Printed language | ||
| 980 | |a Mạng thư viện Đại học Đà Nẵng | ||